| 000 | 01894nam a2200445 a 4500 | ||
|---|---|---|---|
| 003 | BLK | ||
| 005 | 20250718151130.0 | ||
| 008 | 180408b bul|||||r ||||||| ||bul|| | ||
| 020 | _a9786197516296 | ||
| 040 | _aBLK | ||
| 041 |
_aBUL _cBUL |
||
| 080 |
_aПсихология _b159.9 _z159.9 |
||
| 080 |
_aАлхимия _b133.5:54 _z133.5:54 |
||
| 080 |
_aПисменост. Системи на писмо. Знаци и символи. Кодове. Графическо представяне на мисълта. Вж и 744. 9; 801. Семиотика(общи въпр. ) _b003 _z003 |
||
| 100 | 1 |
_aЮнг, Карл Густав _9364054 |
|
| 245 | 1 | 0 |
_aПсихология и алхимия _cКарл Густав Юнг ; прев. Стефан Шаранков. |
| 250 | _a[2.] изд. | ||
| 257 | _aSWI | ||
| 260 |
_aПлевен _bЛеге Артис _c2021 _9209808 _n978-954-9933- ; 978-954-8311- |
||
| 300 |
_a549 с. _bс ил., факс. _c25 см |
||
| 380 | _a1 | ||
| 490 |
_aК. Г. Юнг & последователи _9201648 _xISSN C623-2361 |
||
| 500 | _aОриг. загл. Psychologie und Alchemie / C. G. Jung. - Офс. изд. 1. изд. 2001 на изд. ЕА, в сер. За човека. | ||
| 650 | 4 |
_aПсихология _9168332 |
|
| 650 | 4 |
_aСънища _9172981 |
|
| 650 | 4 |
_aАлхимия _9146813 |
|
| 650 | 4 |
_aСимволи и знаци _9247835 |
|
| 653 | _aпсихология | ||
| 653 | _aсънища | ||
| 653 | _aалхимия | ||
| 653 | _aсимволи | ||
| 653 | _aзнаци | ||
| 700 | 1 |
_aШаранков, Стефан _eпрев. _9275208 |
|
| 852 |
_aЦб 316319 _bЦб |
||
| 856 | 4 |
_qpdf _i0.00 _ldisable |
|
| 856 | 4 |
_qpdf _i0.00 _ldisable |
|
| 942 |
_cKNG _n0 _04 _s1 |
||
| 944 |
_aCR _c2023 _k30530 _lМинев Младен |
||
| 999 |
_c489018 _d489018 |
||